[Event "GRE-chT Online Rapid op 1st"]
[Site "Tornelo INT"]
[Date "2021.02.20"]
[Round "3.31"]
[White "Deligiannis, Christos Nikolaos"]
[Black "Karakolidis, Panagiotis"]
[Result "1-0"]
[WhiteElo "1684"]
[BlackElo "1538"]
[PlyCount "95"]
[EventDate "2021.02.20"]
[EventType "team-swiss (rapid)"]
[EventRounds "9"]
[EventCountry "GRE"]
[SourceTitle "EXT 2023"]
[Source "ChessBase"]
[SourceDate "2022.10.05"]
[SourceVersion "1"]
[SourceVersionDate "2022.10.05"]
[SourceQuality "1"]

1. e4 c5 2. Nf3 Nc6 3. d4 cxd4 4. Nxd4 d6 5. Nc3 Nf6 6. Bg5 e6 7. Bc4 Be7 8. 0-0 a6 9. a4 0-0 10. Kh1 Qb6 11. Nb3 Ne5 12. Be2 Bd7 13. f4 Ng6 14. e5 Nd5 15. Nxd5 exd5 16. a5 Qc7 17. Bxe7 Nxe7 18. exd6 Qxd6 19. Bd3 Nf5 20. Qf3 Rfe8 21. Rfe1 d4 22. Be4 Ne3 23. Nxd4 Nxg2 24. Qxg2 Qxd4 25. Rad1 Qa4 26. b3 Qxa5 27. Rg1 g6 28. Rxd7 Qb5 29. Rxb7 Qc5 30. Rxf7 Kxf7 31. Bxa8 Qf5 32. Qd5+ Qxd5+ 33. Bxd5+ Kf6 34. Bc4 a5 35. Bd3 Re3 36. Kg2 Re7 37. Ra1 Ra7 38. Kf3 Kf7 39. f5 gxf5 40. Bxf5 Kg7 41. Bd3 h6 42. Ke3 Kf6 43. Kd4 Ke6 44. Kc5 Ke5 45. Kb6 Ra8 46. Rxa5+ Rxa5 47. Kxa5 h5 48. b4 1-0

[Event "GRE-chT Online Rapid op 1st"]
[Site "Tornelo INT"]
[Date "2021.02.20"]
[Round "4.38"]
[White "Karakolidis, Panagiotis"]
[Black "Terzakis, Georgios"]
[Result "1-0"]
[WhiteElo "1538"]
[BlackElo "1205"]
[PlyCount "117"]
[EventDate "2021.02.20"]
[EventType "team-swiss (rapid)"]
[EventRounds "9"]
[EventCountry "GRE"]
[SourceTitle "EXT 2023"]
[Source "ChessBase"]
[SourceDate "2022.10.05"]
[SourceVersion "1"]
[SourceVersionDate "2022.10.05"]
[SourceQuality "1"]

1. d4 d5 2. c4 e6 3. Nc3 Nf6 4. Bg5 Nbd7 5. e3 Be7 6. Nf3 h6 7. Bh4 0-0 8. Bd3 b6 9. 0-0 Bb7 10. Rc1 c5 11. Re1 Ne4 12. Bxe7 Qxe7 13. cxd5 exd5 14. dxc5 Ndxc5 15. Bb5 Nxc3 16. Rxc3 Ne4 17. Rc2 Rac8 18. a3 Rxc2 19. Qxc2 Rc8 20. Qa4 Qc7 21. Nd4 Nc5 22. Qc2 Ne6 23. Qxc7 Rxc7 24. Bd3 Nxd4 25. exd4 Kf8 26. Bb5 Re7 27. Rc1 Re4 28. f3 Rxd4 29. Rc7 Rd1+ 30. Kf2 Rd2+ 31. Ke1 Rxb2 32. a4 Rxg2 33. Rxb7 Rxh2 34. Rxa7 h5 35. Rd7 h4 36. Rxd5 h3 37. Re5 f6 38. Re8+ Kf7 39. Rh8 Kg6 40. Kf1 Kg5 41. Kg1 Rg2+ 42. Kh1 Rg3 43. Bc6 Kf4 44. Kh2 g5 45. Rxh3 Rxh3+ 46. Kxh3 Ke3 47. Kg4 Kf2 48. Kf5 Kg3 49. Kxf6 g4 50. fxg4 Kxg4 51. Ke6 Kf4 52. Kd6 Kf5 53. Kc7 Ke6 54. Kxb6 Ke7 55. a5 Kd8 56. Kb7 Ke7 57. a6 Kd8 58. a7 Ke7 59. a8Q 1-0

[Event "Nea Filadelfia Autumn"]
[Site "Nea Filadelfia"]
[Date "2012.10.11"]
[Round "4"]
[White "Kostouros, Alexandros"]
[Black "Karakolidis, Panagiotis"]
[Result "1-0"]
[WhiteElo "2102"]
[BlackElo "1764"]
[PlyCount "43"]
[EventDate "2012.09.20"]
[EventType "tourn"]
[EventRounds "9"]
[EventCountry "GRE"]
[SourceTitle "EXT 2019"]
[Source "ChessBase"]
[SourceDate "2018.10.10"]
[SourceVersion "1"]
[SourceVersionDate "2018.10.10"]
[SourceQuality "1"]

1. e4 c5 2. c3 Nc6 3. d4 cxd4 4. cxd4 d6 5. Nc3 Nf6 6. d5 Ne5 7. f4 Ned7 8. Nf3 g6 9. e5 dxe5 10. fxe5 Ng4 11. e6 fxe6 12. dxe6 Nb8 13. Qa4+ Nc6 14. Qxg4 Bg7 15. Ng5 Qa5 16. Bd2 Qb6 17. Nxh7 Ne5 18. Qa4+ Nc6 19. Qe4 Ne5 20. Nd5 Qd8 21. Bb5+ Nc6 22. Qxg6# 1-0